000
00331 a2200145 4500
001
176609
020
_a
040
_c
Magnum
100
_a
Fasciani, Isaura Caminhas
240
1
0
_a
Em busca da montanha encantada
_l
por
245
1
0
_a
Em busca da montanha encantada
362
0
_a
1899
697
_a
MAGNITO: J/GERAL
942
_c
BK
999
_c
176609
_d
176609